Countries of the World, but every vowel is “E” (With Map) - Statistics

General Stats
  • This quiz has been taken 1,679 times
  • The average score is 137 of 196
Answers on the Map
Answers color-coded by a green-red scale on the quiz's map according to % correct below.
 
Answer Stats
Country % Correct
Cenede
93%
Eneted Stetes
91%
Mexece
89%
Ressee
86%
Brezel
85%
Speen
84%
Chene
83%
Eneted Kengdem
83%
Frence
83%
Chele
81%
Denmerk
81%
Ecelend
81%
Pere
81%
Sweden
81%
Endee
80%
Erelend
80%
Ergentene
80%
Fenlend
80%
Pertegel
80%
Cebe
79%
Etely
79%
Germeny
79%
Nerwey
79%
Celembee
78%
Eestrelee
78%
Jepen
78%
Belevee
77%
Egypt
77%
Greece
77%
Peneme
77%
Eren
76%
Mengelee
76%
Pelend
76%
Venezeele
76%
Belgeem
75%
Ekreene
75%
Eregeey
75%
Ereq
75%
Heete
75%
Mele
75%
Netherlends
75%
Peregeey
75%
Terkey
75%
Yemen
75%
Eceeder
74%
Emen
74%
Geetemele
74%
New Zeelend
74%
Seeth Keree
74%
Beleres
73%
Ched
73%
Eestree
73%
Elgeree
73%
Endenesee
73%
Eneted Ereb Emeretes
73%
Estenee
73%
Geyene
73%
Henderes
73%
Lebye
73%
Letvee
73%
Merecce
73%
Neger
73%
Nerth Keree
73%
Pekesten
73%
Seede Erebee
73%
Swetzerlend
73%
Beleze
72%
Ceste Rece
72%
Demecretec Repeblec ef the Cenge
72%
Demenece
72%
Hengery
72%
Letheenee
72%
Medegescer
72%
Negeree
72%
Nepel
72%
Remenee
72%
Seden
72%
Seeth Efrece
72%
Sereneme
72%
Behemes
71%
Belgeree
71%
Creetee
71%
Czech Repeblec
71%
Efghenesten
71%
Jemeece
71%
Lees
71%
Meldeve
71%
Neceregee
71%
Semelee
71%
Tenesee
71%
Theelend
71%
Veetnem
71%
Elbenee
70%
El Selveder
70%
Etheepee
70%
Jerden
70%
Serbee
70%
Slevekee
70%
Slevenee
70%
Sre Lenke
70%
Besnee end Herzegevene
69%
Cembedee
69%
Ghene
69%
Kenye
69%
Keseve
69%
Myenmer
69%
Pheleppenes
69%
Repeblec ef the Cenge
69%
Seeth Seden
69%
Syree
69%
Bengledesh
68%
Bheten
68%
Demenecen Repeblec
68%
Engele
68%
Esreel
68%
Meleysee
68%
Pepee New Geenee
68%
Zembebwe
68%
Zembee
68%
Centrel Efrecen Repeblec
67%
Ermenee
67%
Ezbekesten
67%
Feje
67%
Geergee
67%
Kezekhsten
67%
Nerth Mecedenee
67%
Tege
67%
Tenzenee
67%
Terkmenesten
67%
Betswene
66%
Eretree
66%
Geenee
66%
Lesethe
66%
Meeretenee
66%
Melewe
66%
Melte
66%
Mezembeqee
66%
Nemebee
66%
Qeter
66%
Senegel
66%
Teewen
66%
Benen
65%
Cemereen
65%
Cypres
65%
Egende
65%
Lexembeerg
65%
Mentenegre
65%
Enderre
64%
Every Ceest
64%
Ezerbeejen
64%
Geben
64%
Keweet
64%
Lebenen
64%
Leberee
64%
Rwende
64%
Seent Ketts end Neves
64%
Tejekesten
64%
Vetecen Cety
64%
Berbedes
63%
Berkene Fese
63%
Djebeete
63%
Eswetene
63%
Gembee
63%
Kerebete
63%
Semee
63%
Cepe Verde
62%
Menece
62%
Neere
62%
Pelee
62%
Seent Lecee
62%
Seent Vencent end the Grenedenes
62%
Seychelles
62%
Tenge
62%
Behreen
61%
Berende
61%
Cemeres
61%
Federeted Stetes ef Mecrenesee
61%
Geenee-Bessee
61%
Selemen Eslends
61%
Sen Merene
61%
Treneded end Tebege
61%
Entegee end Berbede
60%
Meeretees
60%
Mershell Eslends
60%
See Teme end Prencepe
60%
Tevele
60%
Veneete
60%
Grenede
59%
Leechtensteen
59%
Seerre Leene
59%
Kyrgyzsten
58%
Meldeves
58%
Brenee
57%
Eest Temer
57%
Eqeetereel Geenee
57%
Sengepere
56%
No matching quizzes found
Score Distribution
Percent of People with Each Score
Percentile by Number Answered
Your Score History
You have not taken this quiz